000 00842cab a2200265 4500
001 ABS55767
008 090401t1996 xxu||||| |||| 00| 0 eng d
035 _a(Sirsi) u18673
041 _aeng
245 _aCost model: offices of the future
260 _c1996
350 _a0
490 _aBuilding Procurement
_vSeptember 1996, 13-20(8)
520 _aDetailed cost analysis of a high-tech, low-energy office. Design issues and general considerations are discussed and a detailed cost breakdown is included.
650 _aBUILT ENVIRONMENT-BUILDING COSTS
650 _aCOST MODELS
650 _aENERGY CONSERVATION
650 _aFLEXIBLE WORKING
650 _aGREEN OFFICES
650 _aLOW-ENERGY OFFICES
650 _aOFFICE BUILDINGS
690 _aBUILT ENVIRONMENT-BUILDING COSTS
942 _n0
948 _c04/03/1997
999 _c12427
_d12427